|
|
|
|
| LEADER |
00000nab a2200000 a 4500 |
| 001 |
vtls000490840 |
| 003 |
SK-MaSNL |
| 005 |
20260303160936.0 |
| 008 |
230223c1993 xo 0 slo |
| 015 |
|
|
|a SNBRB19rr/mm-uuuuu
|
| 035 |
|
|
|a CL0490978
|
| 035 |
|
|
|a urn:nbn:sk:snk-ab75qq
|
| 035 |
|
|
|a (uuid)b5f8dfe0-c5b9-407c-b677-aafe1c6a5281
|
| 035 |
|
|
|a (urnnbn)urn:nbn:sk:snk:ar-a070tf
|
| 035 |
|
|
|a (sysno)vtls000490840
|
| 040 |
|
|
|a SNKBUCL
|b slo
|c SNKBUCL
|e AACR2
|
| 041 |
0 |
|
|a slo
|
| 044 |
|
|
|a xo
|c SK
|
| 080 |
|
|
|a 311.21:061.3
|2 1981
|
| 100 |
1 |
|
|a Šalát, Marián
|4 aut
|9 557221
|
| 245 |
1 |
0 |
|a Seminár k výberovým zisťovaniam vo Francúzsku
|c Marián Šalát
|
| 650 |
0 |
7 |
|a štatistika
|2 snkbucl
|9 778
|
| 650 |
0 |
7 |
|a zisťovanie štatistické
|2 snkbucl
|9 839441
|
| 655 |
|
7 |
|a články z novín a časopisov
|2 snkbucl
|9 267496
|
| 773 |
0 |
|
|t Slovenská štatistika a demografia
|g Roč. 3, č. 1-2 (1993), s. 91-94
|x 1210-1095
|
| 850 |
|
|
|a Slovenská národná knižnica v Martine
|a MTA001
|
| 852 |
|
|
|a SNK
|b KIS3GCP
|
| 954 |
|
|
|a odborná, vedecká literatúra pôvodná (slovenská)
|2 lita
|
| 958 |
|
|
|a RK
|
| 958 |
|
|
|a OND
|
| 958 |
|
|
|a EUIPO
|
| 958 |
|
|
|a article27
|
| 992 |
|
|
|a RBX
|
| 999 |
|
|
|c 2047713
|d 2049643
|